| 000 | 00673nam a2200205 i 4500 | ||
|---|---|---|---|
| 001 | 98246 | ||
| 003 | ES-MaACL | ||
| 005 | 20230906182237.0 | ||
| 007 | t| | ||
| 008 | 050727s1970 sp a |||| | spa d | ||
| 080 | _a821.134.2-14"19" | ||
| 100 | 1 |
_aMartel Viniegra, Carlos. _977160 |
|
| 245 | 1 | 0 |
_aPlatero _b: [sonetos alrededor de "Platero y yo"] / _cCarlos Martel ; [ilustraciones de Luis Brihuega]. |
| 246 | 3 | 4 | _aSonetos alrededor de "Platero y yo" |
| 260 |
_aMadrid : _bGráficas Marfil, _c1970. |
||
| 300 |
_a1 retr. aut., 176 p., [10] h. de de lám. ; _c21 cm. |
||
| 700 | 1 |
_aBrihuega, Luis. _931734 |
|
| 852 | 4 |
_aES-MaACL _jC-39375 |
|
| 852 | 4 |
_aES-MaACL _jC-39562 |
|
| 999 |
_c98246 _d98246 |
||